Statistiques concernant Focus sur: Sam Gamegie - Tolkien

Cliquez ici pour prendre le quiz!

Statistiques générales

  • Ce quiz a été pris 48 fois
  • Le résultat moyen est 15 sur 37

Statistiques - réponses

Informations recherchéesRéponses% Correct
EspèceHobbit
98%
Première apparitionLe Seigneur des Anneaux: La Communauté de l'Anneau
98%
Age durant lequel il vécutTroisième/Quatrième
98%
ContréeComté
96%
Couleur des cheveuxBrun
91%
Groupe auquel il appartientFraternité de l'Anneau
91%
MaîtreFrodon Sacquet
91%
FilsFrodon
87%
VilleHobbiteville
85%
ProfessionsJardinier
81%
Prénom completSamsagace
74%
DemeureCul-de-Sac
66%
EpouseRosie Chaumine
62%
Pippin
49%
Livre rédigéLivre rouge de la Marche de l'Ouest
47%
Merry
47%
Autre traduction du prénomSamsaget
36%
Acteur l'interprétant dans les films
Sean Astin
32%
Bilbon
28%
Autre traduction du nomGamgie
23%
PèreHamfast Gamegie
21%
Rose
21%
FillesElanor
19%
Maire
19%
Hamfast
13%
MèreBell Bonenfant
11%
SœursDaisy
9%
Daisy
9%
Halfred Gamegie
6%
FrèresHamson Gamegie
6%
Boucles-d'Or
4%
Marigold
4%
Primrose
4%
Ruby
4%
Tolman
4%
May
2%
Robin
2%

Distribution des résultats

Percentile par nombre de réponses

% des personnes avec chaque résultat

Votre développement - résultats

Vous n’avez pas pris ce quiz